000 00369nam a2200145Ia 4500
008 210716s1990 xx 000 0 und d
041 _aeng
082 _a658.001 PAPJ
100 _aPappas, James L;Hirschey, Mark.
245 _aManagerial economics.
250 _a6
260 _aChicago
_bDryden Press
_c1990
300 _axxii,826
650 _aManagerial Economics
999 _c201002
_d201002